书目信息 |
| 题名: |
拱北隧道水平冻结施工关键技术
|
|
| 作者: | 王啟铜 , 程勇 著 | |
| 分册: | ||
| 出版信息: | 北京 人民交通出版社股份有限公司 2021.12 |
|
| 页数: | 338页 | |
| 开本: | 26cm | |
| 丛书名: | ||
| 单 册: | ||
| 中图分类: | U459 | |
| 科图分类: | ||
| 主题词: | 水下隧道--shui xia sui dao--隧道施工--冻结法施工 | |
| 电子资源: | ||
| ISBN: | 978-7-114-17558-9 | |
| 000 | 01360nam0 2200265 450 | |
| 001 | 011025153456 | |
| 005 | 20221025153456.0 | |
| 010 | @a978-7-114-17558-9@b精装@dCNY188.00 | |
| 099 | @aCAL 012022022092 | |
| 100 | @a20201004d2021 em y0chiy0120 ea | |
| 101 | 0 | @achi |
| 102 | @aCN@b110000 | |
| 105 | @aak a 000yy | |
| 106 | @ar | |
| 200 | 1 | @a拱北隧道水平冻结施工关键技术@Agong bei sui dao shui ping dong jie shi gong guan jian ji shu@d= Key techniques of horizontal freezing construction in Gongbei tunnel@f王啟铜, 程勇著@zeng |
| 210 | @a北京@c人民交通出版社股份有限公司@d2021.12 | |
| 215 | @a338页@c图 (部分彩图)@d26cm | |
| 320 | @a有书目 (第333-338页) | |
| 330 | @a港珠澳大桥珠海连接线工程项目是港珠澳大桥的重要组成部分,拱北隧道是连接线控制性工程,具有政治意义大、工程规模大、技术含量高、地理位置独特、地质条件复杂、周边环境敏感、工期控制风险高、工程管理难度大等特点。对该项目建设进行系统总结,将对广东省乃至全国的高速公路建设提供积极的借鉴和参考意义。本书内容科学严谨,无地图问题,内容符合党的出版方面的方针政策,符合国家的法律、法规及有关的规章制度。 | |
| 510 | 1 | @aKey techniques of horizontal freezing construction in Gongbei tunnel@zeng |
| 606 | 0 | @a水下隧道@Ashui xia sui dao@x隧道施工@x冻结法施工 |
| 690 | @aU459@v5 | |
| 701 | 0 | @a王啟铜@Awang qi tong@4著 |
| 701 | 0 | @a程勇@Acheng yong@4著 |
| 905 | @a河南城建学院图书馆@dU459@eW316 | |
| 拱北隧道水平冻结施工关键技术= Key techniques of horizontal freezing construction in Gongbei tunnel/王啟铜, 程勇著.-北京:人民交通出版社股份有限公司,2021.12 |
| 338页:图 (部分彩图);26cm |
| ISBN 978-7-114-17558-9(精装):CNY188.00 |
| 港珠澳大桥珠海连接线工程项目是港珠澳大桥的重要组成部分,拱北隧道是连接线控制性工程,具有政治意义大、工程规模大、技术含量高、地理位置独特、地质条件复杂、周边环境敏感、工期控制风险高、工程管理难度大等特点。对该项目建设进行系统总结,将对广东省乃至全国的高速公路建设提供积极的借鉴和参考意义。本书内容科学严谨,无地图问题,内容符合党的出版方面的方针政策,符合国家的法律、法规及有关的规章制度。 |
| ● |
| 相关链接 |
|
|
|
正题名:拱北隧道水平冻结施工关键技术
索取号:U459/W316
 
预约/预借
| 序号 | 登录号 | 条形码 | 馆藏地/架位号 | 状态 | 备注 |
| 1 | 1588308 | 215883088 | 自科库501/501自科库 85排1列2层/ [索取号:U459/W316] | 在馆 |